ბათუმის შოთა რუსთაველის სახელმწიფო უნივერსიტეტის ბიბლიოთეკა

თსუ მეცნიერება = TSU Science : (ბიბ.ჩანაწერი № 61565)

000 -LEADER
fixed length control field 01067nam a22001817a 4500
005 - DATE AND TIME OF LATEST TRANSACTION
control field 20250206171931.0
008 - FIXED-LENGTH DATA ELEMENTS--GENERAL INFORMATION
fixed length control field 240325c2013 ge ||||| |||| 00| 0 geo d
022 ## - INTERNATIONAL STANDARD SERIAL NUMBER
International Standard Serial Number 2233-3657
041 ## - LANGUAGE CODE
Language code of text/sound track or separate title geo
245 ## - TITLE STATEMENT
Title თსუ მეცნიერება = TSU Science :
Remainder of title სამეცნიერო-პოპულარული ჟურნალი /
Statement of responsibility, etc. თსუ-ის საზოგადოებასთან ურთიერთობის სამსახური; რედაქტორი თამარ ხორბალაძე.
260 ## - PUBLICATION, DISTRIBUTION, ETC.
Place of publication, distribution, etc. თბილისი,
Date of publication, distribution, etc.
300 ## - PHYSICAL DESCRIPTION
Extent V.
653 ## - INDEX TERM--UNCONTROLLED
Uncontrolled term საზოგადოებასთან ურთიერთობის სამსახური
653 ## - INDEX TERM--UNCONTROLLED
Uncontrolled term პერიოდიკა
700 ## - ADDED ENTRY--PERSONAL NAME
Personal name ხორბალაძე, თამარ
Relator term მთავარი რედაქტორი
9 (RLIN) 21573
710 ## - ADDED ENTRY--CORPORATE NAME
Corporate name or jurisdiction name as entry element თსუ–ის საზოგადოებასთან ურთიერთობის სამსახური
9 (RLIN) 21574
942 ## - ADDED ENTRY ELEMENTS (KOHA)
Source of classification or shelving scheme
Koha item type პერიოდიკა
ეგზემპლარები
Withdrawn status Lost status Source of classification or shelving scheme Damaged status Not for loan Permanent Location Current Location Date acquired Serial Enumeration / chronology Barcode Date last seen Copy number Uniform Resource Identifier Price effective from Koha item type Shelving location
          ბათუმის შოთა რუსთაველის სახელმწიფო უნივერსიტეტის მთავარი ბიბლიოთეკა ბათუმის შოთა რუსთაველის სახელმწიფო უნივერსიტეტის მთავარი ბიბლიოთეკა 2024-03-25 #4 ივლისი 2013. 81172 2024-03-25 81172 ბსუ-ს საპატიო დოქტორის გურამ ლორთქიფანიძის საჩუქარი 2024-03-25 პერიოდიკა  
          ბათუმის შოთა რუსთაველის სახელმწიფო უნივერსიტეტის მთავარი ბიბლიოთეკა ბათუმის შოთა რუსთაველის სახელმწიფო უნივერსიტეტის მთავარი ბიბლიოთეკა 2025-02-06 #6 დეკემბერი 2014 81361 2025-02-06 81361 ნაჩუქარი 2025-02-06 პერიოდიკა წიგნსაცავი
          ბათუმის შოთა რუსთაველის სახელმწიფო უნივერსიტეტის მთავარი ბიბლიოთეკა ბათუმის შოთა რუსთაველის სახელმწიფო უნივერსიტეტის მთავარი ბიბლიოთეკა 2025-02-06 # 1 დეკემბერი 2011. 81360 2025-02-06 81360 ნაჩუქარი 2025-02-06 პერიოდიკა წიგნსაცავი
          ბათუმის შოთა რუსთაველის სახელმწიფო უნივერსიტეტის მთავარი ბიბლიოთეკა ბათუმის შოთა რუსთაველის სახელმწიფო უნივერსიტეტის მთავარი ბიბლიოთეკა 2025-02-06 #2 ივლისი 2012. 81359 2025-02-06 81359 ნაჩუქარი 2025-02-06 პერიოდიკა წიგნსაცავი